Statistics for Super Mario Bros. Quiz

Click here to take the quiz!

General Stats

  • This quiz has been taken 25 times
  • The average score is 23 of 35

Answer Stats

HintAnswer% Correct
What year was the game released?1985
100%
How many worlds are in the game?8
82%
How many coins are required to get an extra life?100
76%
What is the name of the main antagonist who kidnapped the princess?Bowser
76%
What enemy is shot out of a Turtle Cannon?Bullet Bill
76%
The main protagonist Mario originally debuted in what 1981 arcade game?Donkey Kong
76%
What brown enemy is possibly the most iconic in all of gaming?Goomba
76%
What enemy has a shell that can be kicked as a projectile?Koopa Troopa
76%
Who is Mario's brother that plays identically but wears green and white clothes?Luigi
76%
In what kingdom does the game take place?Mushroom Kingdom
76%
What is the name of the princess Mario must rescue?Princess Toadstool
76%
What powerup makes Mario bigger?Super Mushroom
76%
What character said this famous quote?: "Thank you Mario! But our princess is in another castle."Toad
76%
How many songs are in the game?6
71%
What squid like enemy is found underwater?Blooper
71%
What powerup allows Mario to shoot fireballs?Fire Flower
71%
What console was the game originally released on in North America?Nintendo Entertainment System
71%
What powerup makes Mario invincible?Super Star
71%
What fish-like enemy swims underwater or jumps next to bridges to attack?Cheep Cheep
65%
What does Mario touch at the end of a stage to end the level?Goal Pole
65%
What enemy throws hammers and moves unpredictably?Hammer Bro.
65%
What enemy throws projectiles from a cloud?Lakitu
65%
What enemy is immune to fireballs and is usually found underground?Buzzy Beetle
59%
What obstacle circles around a grey box in castle levels?Fire Bar
59%
What enemy that debut in this game somehow made it into Smash as a playable fighter?Piranha Plant
59%
Who is the lead director and producer of the game?Shigeru Miyamoto
59%
What do the projectiles thrown from above become after hitting the ground?Spiny
59%
How many levels are in the game?32
53%
Super Mario Bros. was remade along with Super Mario Bros: The Lost Levels, Super Mario Bros. 2, and Super Mario Bros. 3 on the SNES in what collection?Super Mario All-Stars
53%
What special area allows Mario to skip ahead to different worlds via warp pipe?Warp Zone
53%
What console was the game originally released on in Japan?Famicom
47%
Who is the composer for the game?Koji Kondo
47%
What infamous glitch world can be accessed through level 1-2 (among other places)?Minus World
41%
Super Mario Bros. has sold about how many copies (in millions)?48 Million
18%
On what day was the game released in Japan?September 13
18%

Score Distribution

Percentile by Number Answered

Percent of People with Each Score

Your Score History

You have not taken this quiz